Bilecik Bilecik Bilecik Bilecik Bilecik

Kazak destanları/ (Record no. 59636)

MARC details
000 -BAŞLIK
Sabit Uzunluktaki Kontrol Alanı 01644nam a22003977a 4500
001 - KONTROL NUMARASI
Control Dosyası 0059832
003 - KONTROL NUMARASI KİMLİĞİ
Kontrol Alanı KOHA_MİRAKIL
005 - EN SON İŞLEM TARİHİ ve ZAMANI
Kontrol Alanı 20260207004242.0
007 - FİZİKSEL TANIM SABİT ALAN - GENEL BİLGİ
Sabit uzunluklu kontrol alanı ta
008 - SABİT UZUNLUKTAKİ VERİ ÖGELERİ - GENEL BİLGİ
Sabit Alan 170110b2013 tu |||gr||||#||||0|kaz |
020 ## - ISBN - ULUSLARARASI STANDART KİTAP NUMARASI
Isbn 9789751619464
Nitelik bilgileri (c.3)
020 ## - ISBN - ULUSLARARASI STANDART KİTAP NUMARASI
Isbn 9789751622662
Nitelik bilgileri (c.5)
020 ## - ISBN - ULUSLARARASI STANDART KİTAP NUMARASI
Isbn 9789751621207
Nitelik bilgileri (c.6)
020 ## - ISBN - ULUSLARARASI STANDART KİTAP NUMARASI
Isbn 9789751622679
Nitelik bilgileri (c.7) 9789751623751
-- (c.8) 9789751625748
-- (c.9)
040 ## - KATALOGLAMA KAYNAĞI
Özgün Kataloglama Kurumu TR-BiSEU
Kataloglama Dili tur
Çeviri Kurumu TR-BiSEU
Açıklama Kuralları rda
041 0# - DİL KODU
Metin ya da ses kaydının dil kodu kaz
-- tur
044 ## - YAYINLAYAN/ÜRETEN KURULUŞUN ÜLKE KODU
ISO country code tu
050 ## - SINIFLAMA ve YER NUMARASI
Sınıflama Numarası GR300.2
Yer Numarası .K39 2013
245 0# - ESER ADI BİLDİRİMİ
Başlık Kazak destanları/
Sorumluluk Bildirimi hazırlayanlar Pakizat Avespayeva, Toktar Wlbekov; Türkiye Türkçesi Hatice Emel Şirin.
246 ## - DEĞİŞİK BAŞLIK FORMU
Başlık uygun / kısa başlık Dürligüv, karaşaş kız : Makpal, segiz destanı
264 #1 - ÜRERİM, YAYIN, DAĞITIM ve TELİF BİLDİRİMİ
Yayın yeri Ankara :
Yayınlayan Türk Dil Kurumu
Yayın tarihi 2013
300 ## - FİZİKSEL TANIMLAMA
Sayfa, Cilt vb. c.; 24 cm.
336 ## - İÇERİK TÜRÜ
Content type term metin
Content type code txt
Source rdacontent
337 ## - MEDYA TÜRÜ
Media type term aracısız
Media type code n
Source rdamedia
338 ## - TAŞIYICI TÜRÜ
Carrier type term cilt
Carrier type code nc
Source rdacarrier
490 1# - DİZİ BİLDİRİMİ
Dizi Bildirimi Atatürk Kültür, Dil ve Tarih Yüksek Kurumu Türk Dil Kurumu Yayınları ;
Cilt Numarası 1073.
490 1# - DİZİ BİLDİRİMİ
Dizi Bildirimi Türk Dünyası Destanlarının Tespiti, Türkiye Türkçesine Aktarılması ve Yayımlanması Projesi ;
Cilt Numarası 52.
650 #0 - KONU BAŞLIĞI EK GİRİŞ - KONU TERİMİ
Konusal terim veya coğrafi ad Epic literature, Kazakh.
9 (RLIN) 84218
650 #0 - KONU BAŞLIĞI EK GİRİŞ - KONU TERİMİ
Konusal terim veya coğrafi ad Epic literature, Kazakh--History and criticism.
9 (RLIN) 84219
650 #0 - KONU BAŞLIĞI EK GİRİŞ - KONU TERİMİ
Konusal terim veya coğrafi ad Folk literature, Kazakh.
9 (RLIN) 84220
650 #0 - KONU BAŞLIĞI EK GİRİŞ - KONU TERİMİ
Konusal terim veya coğrafi ad Kazakhs--Folklore.
9 (RLIN) 84221
650 #0 - KONU BAŞLIĞI EK GİRİŞ - KONU TERİMİ
Konusal terim veya coğrafi ad Tales--Kazakhstan.
9 (RLIN) 84222
830 1# - SERİ EK GİRİŞİ - TEKBİÇİM ESER ADI
Tekbiçim Başlık Atatürk Kültür, Dil ve Tarih Yüksek Kurumu Türk Dil Kurumu Yayınları ;
Volume number/sequential designation 1073.
9 (RLIN) 17782
830 1# - SERİ EK GİRİŞİ - TEKBİÇİM ESER ADI
Tekbiçim Başlık Türk Dünyası Destanlarının Tespiti, Türkiye Türkçesine Aktarılması ve Yayımlanması Projesi ;
Volume number/sequential designation 52.
9 (RLIN) 110207
942 ## - EK GİRİŞ ÖGELERİ (KOHA)
Source of classification or shelving scheme Library of Congress Classification
Koha item type Book
Holdings
Materyal Türü Kalıcı Konum Mevcut Konum Raf Yeri Sınıflandırma Kaynağı Edinim Bilgisi Ana Konular Alt Konular Yer Numarası Cilt Bilgisi Demirbaş Numarası Fatura Tarihi Geri Çekilme Durumu Kayıp Durumu Hasarlı Durumu Kredi için değil Kayıt Tarih Toplam Ödünçverme Son Görülme Tarihi Son Kontrol Tarihi Genel / Bağış Notu
Book Prof. Dr. Azmi Özcan Kütüphanesi Prof. Dr. Azmi Özcan Kütüphanesi Uluğbey Salonu Library of Congress Classification Bağış COĞRAFYA, ANTROPOLOJİ, REKREASYON Folklor GR300.2 .K39 2013 c.9 0059832 02/02/2026         10/01/2017   05/12/2024 05/12/2024 Genel Bağış